Southville International School and Colleges
Your cart is empty.
  • Cart
  • Lists
    Public lists Eva Luna New books Lux_list list_1
    Your lists Log in to create your own lists
  • Log in to your account
  • Your cookies
  • Search history
Southville International School and Colleges
  • Advanced search
  • Recent comments
  • Most popular
  • Libraries

Log in to your account

Log in with GOOGLE


If you do not have an external account, but do have a local account, you can still log in:

  1. Home
  2. MARC view: Katie couldn't /
Normal view MARC view ISBD view

Katie couldn't / (Record no. 361068)

[ view plain ]
MARC details
000 -LEADER
fixed length control field 00669nam a2200265Ia 4500
008 - FIXED-LENGTH DATA ELEMENTS--GENERAL INFORMATION
fixed length control field 190123s9999 xx 000 0 und d
020 ## - INTERNATIONAL STANDARD BOOK NUMBER
International Standard Book Number 9780516420691
050 ## - LIBRARY OF CONGRESS CALL NUMBER
Item number M134 1985
100 ## - MAIN ENTRY--PERSONAL NAME
Personal name McDaniel, Becky Bring
245 #0 - TITLE STATEMENT
Title Katie couldn't /
245 #0 - TITLE STATEMENT
Statement of responsibility, etc by Becky Bring McDaniel ; illustrated by Lois Axeman.
260 ## - PUBLICATION, DISTRIBUTION, ETC. (IMPRINT)
Place of publication, distribution, etc New York, New York :
260 ## - PUBLICATION, DISTRIBUTION, ETC. (IMPRINT)
Name of publisher, distributor, etc Scholastic,
260 ## - PUBLICATION, DISTRIBUTION, ETC. (IMPRINT)
Date of publication, distribution, etc 1985
300 ## - PHYSICAL DESCRIPTION
Extent 30 pages :
300 ## - PHYSICAL DESCRIPTION
Other physical details colored illustrations ;
300 ## - PHYSICAL DESCRIPTION
Dimensions 18cm.
440 ## - SERIES STATEMENT/ADDED ENTRY--TITLE
Title A rookie reader.
500 ## - GENERAL NOTE
General note 170L
650 ## - SUBJECT ADDED ENTRY--TOPICAL TERM
Topical term or geographic name as entry element Brothers and sisters.
650 ## - SUBJECT ADDED ENTRY--TOPICAL TERM
Topical term or geographic name as entry element Siblings.
650 ## - SUBJECT ADDED ENTRY--TOPICAL TERM
Topical term or geographic name as entry element Size.
700 ## - ADDED ENTRY--PERSONAL NAME
Personal name Series.
700 ## - ADDED ENTRY--PERSONAL NAME
Personal name Title.
Holdings
Withdrawn status Lost status Damaged status Home library Current library Shelving location Date acquired Total Checkouts Full call number Barcode Date last seen Price effective from Koha item type
      Stonyhurst Southville International School (Malarayat) Stonyhurst Southville International School (Malarayat)   01/23/2019   LEX M134 1985 SSISM6225 01/23/2019 01/23/2019 Lexile

Katie couldn't /

APA

McDaniel B. B., Series & Title.Katie couldn't. New York, New York: .

Chicago

McDaniel Becky Bring, Series and Title.Katie couldn't. New York, New York: .

Harvard

McDaniel B. B., Series and Title.Katie couldn't. New York, New York: .

MLA

McDaniel Becky Bring, Series and Title.New York, New York: . .

  • Place hold
  • Print
  • Cite
  • Add to your cart (remove)
  • Save record
    BIBTEX Dublin Core MARCXML MARC (non-Unicode/MARC-8) MARC (Unicode/UTF-8) MARC (Unicode/UTF-8, Standard) MODS (XML) RIS
  • More searches
    Search for this title in:
    Other Libraries (WorldCat) Other Databases (Google Scholar) Online Stores (Bookfinder.com) Open Library (openlibrary.org)

Exporting to Dublin Core...

SOUTHVILLE LIBRARY

Southville International School and Colleges Library

1281 Tropical Ave. Cor. Luxembourg St., BF Homes International, Las Pinas City

Tel. No. 8256374 / 252358 Loc. 117/146

Powered by Koha